Νίκος Χατζηκυριάκος-Γκίκας, (1906-1994)

Αποθηκεύτηκε σε:
Λεπτομέρειες βιβλιογραφικής εγγραφής
Άλλοι συγγραφείς: Τζεδάκις, Γιώργος (edt [Επιμελητής])
Μορφή: Βιβλίο
Γλώσσα:Greek
Δημοσίευση: [Αθήνα] : Τεγόπουλος, c2009.
Θέματα:
Ετικέτες: Προσθήκη ετικέτας
Δεν υπάρχουν, Καταχωρήστε ετικέτα πρώτοι!

MARC

LEADER 00000cam a2200000 a 4500
001 1/109243
008 151027s2009####gr | ||| |||| ||gre||
040 |a GR-MyUa  |b gre  |c GR-MyUa  |e AACR2 
041 0 |a gre 
082 7 |a 700.92   |2 (23)  
245 0 0 |a Νίκος Χατζηκυριάκος-Γκίκας, (1906-1994) /   |c επιμέλεια ύλης Γιώργος Τζεδάκις.  
260 |a [Αθήνα] :   |b Τεγόπουλος,   |c c2009. 
300 |a 191 σ. :   |b εικ. ;   |c 19 εκ.  
600 1 0 |a Χατζηκυριάκος-Γκίκας, Νικόλαος,   |d 1906-1994. 
700 1 |a Τζεδάκις, Γιώργος,  |e edt [Επιμελητής] 
852 |a INST  |b SYROS  |e 20151027  |h 700.92 ΧΑΤ  |p 005500011957  |q 005500011957  |t BK  |y 0 
970 |a Κοντού  |b Παρασκευή  |z 27/10/2015